| 000 | 00431nam a2200181Ia 4500 | ||
|---|---|---|---|
| 005 | 20250603145534.0 | ||
| 008 | 250603s9999 xx 000 0 und d | ||
| 020 | _a9783764383244 | ||
| 050 | _aNA 8480 .K76/ | ||
| 100 | _aKronenburg, Robert | ||
| 245 | 0 | _aPortable architecture : design and technology | |
| 260 | _aGermany | ||
| 260 | _bBirkhauser | ||
| 260 | _c2008 | ||
| 300 | _a159 p | ||
| 650 | _aGermany | ||
| 942 | _cBK | ||
| 999 |
_c42155 _d42155 |
||